000
00278nam a22001097a 4500
008
230626b xxu||||| |||| 00| 0 eng d
082
_a
338
_b
UNDP 2004
245
_a
Kenya Development Corporation Report 2003
260
_a
Kenya
_b
UNDP
_c
2004
300
_a
VIII,57p
942
_2
ddc
_c
BK
999
_c
2755
_d
2755